<?xml version="1.0" encoding="UTF-8"?>
<record
    xmlns:xsi="http://www.w3.org/2001/XMLSchema-instance"
    xsi:schemaLocation="http://www.loc.gov/MARC21/slim http://www.loc.gov/standards/marcxml/schema/MARC21slim.xsd"
    xmlns="http://www.loc.gov/MARC21/slim">

  <leader>00447nam a2200169Ia 4500</leader>
  <controlfield tag="003">OSt</controlfield>
  <controlfield tag="005">20230102150418.0</controlfield>
  <controlfield tag="008">211122s9999||||xx |||||||||||||| ||und||</controlfield>
  <datafield tag="040" ind1=" " ind2=" ">
    <subfield code="c">SBCL</subfield>
  </datafield>
  <datafield tag="082" ind1=" " ind2=" ">
    <subfield code="a">330.05 </subfield>
    <subfield code="b">PEN-J</subfield>
  </datafield>
  <datafield tag="100" ind1=" " ind2=" ">
    <subfield code="a">Pencavel, John</subfield>
  </datafield>
  <datafield tag="245" ind1=" " ind2="0">
    <subfield code="a">JOURNAL OF ECONOMIC LITERATURE </subfield>
  </datafield>
  <datafield tag="260" ind1=" " ind2=" ">
    <subfield code="b">American Society for Metals</subfield>
    <subfield code="a">America</subfield>
    <subfield code="c">1969</subfield>
  </datafield>
  <datafield tag="630" ind1=" " ind2=" ">
    <subfield code="x">Post Graduate Reference</subfield>
  </datafield>
  <datafield tag="650" ind1=" " ind2=" ">
    <subfield code="a">social sciences</subfield>
    <subfield code="v">Economics</subfield>
  </datafield>
  <datafield tag="942" ind1=" " ind2=" ">
    <subfield code="c">BV</subfield>
  </datafield>
  <datafield tag="952" ind1=" " ind2=" ">
    <subfield code="0">0</subfield>
    <subfield code="1">0</subfield>
    <subfield code="2">ddc</subfield>
    <subfield code="4">0</subfield>
    <subfield code="7">0</subfield>
    <subfield code="a">SBCL</subfield>
    <subfield code="b">SBCL</subfield>
    <subfield code="c">11</subfield>
    <subfield code="d">2021-11-22</subfield>
    <subfield code="g">25.00</subfield>
    <subfield code="h">VOLUME 27 NUMBER 04 DECEMBER 1989</subfield>
    <subfield code="i">VOLUME 27 NUMBER 04 DECEMBER 198</subfield>
    <subfield code="l">0</subfield>
    <subfield code="o">330.05 PEN-J27 </subfield>
    <subfield code="p">00113902</subfield>
    <subfield code="r">2021-11-22 00:00:00</subfield>
    <subfield code="w">2021-11-22</subfield>
    <subfield code="y">BV</subfield>
    <subfield code="z">VOLUME 27 NUMBER 04 DECEMBER 1989</subfield>
  </datafield>
  <datafield tag="952" ind1=" " ind2=" ">
    <subfield code="0">0</subfield>
    <subfield code="1">0</subfield>
    <subfield code="2">ddc</subfield>
    <subfield code="4">0</subfield>
    <subfield code="7">0</subfield>
    <subfield code="a">SBCL</subfield>
    <subfield code="b">SBCL</subfield>
    <subfield code="c">11</subfield>
    <subfield code="d">2021-11-22</subfield>
    <subfield code="g">25.00</subfield>
    <subfield code="h">VOLUME 28 NUMBER 04 DECEMBER 1990</subfield>
    <subfield code="i">VOLUME 28 NUMBER 04 DECEMBER 199</subfield>
    <subfield code="l">0</subfield>
    <subfield code="o">330.05 PEN-J28</subfield>
    <subfield code="p">00114599</subfield>
    <subfield code="r">2023-01-05 00:00:00</subfield>
    <subfield code="w">2021-11-22</subfield>
    <subfield code="y">BV</subfield>
    <subfield code="z">VOLUME 28 NUMBER 04 DECEMBER 1990</subfield>
  </datafield>
  <datafield tag="952" ind1=" " ind2=" ">
    <subfield code="0">0</subfield>
    <subfield code="1">0</subfield>
    <subfield code="2">ddc</subfield>
    <subfield code="4">0</subfield>
    <subfield code="7">0</subfield>
    <subfield code="a">SBCL</subfield>
    <subfield code="b">SBCL</subfield>
    <subfield code="c">11</subfield>
    <subfield code="d">2021-11-22</subfield>
    <subfield code="g">25.00</subfield>
    <subfield code="h">VOLUME 25 NUMBER 04 DECEMBER 1987</subfield>
    <subfield code="i">VOLUME 25 NUMBER 04 DECEMBER 198</subfield>
    <subfield code="l">0</subfield>
    <subfield code="o">330.05 PEN-J25</subfield>
    <subfield code="p">00114565</subfield>
    <subfield code="r">2023-01-10 00:00:00</subfield>
    <subfield code="w">2021-11-22</subfield>
    <subfield code="y">BV</subfield>
    <subfield code="z">VOLUME 25 NUMBER 04 DECEMBER 1987</subfield>
  </datafield>
  <datafield tag="952" ind1=" " ind2=" ">
    <subfield code="0">0</subfield>
    <subfield code="1">0</subfield>
    <subfield code="2">ddc</subfield>
    <subfield code="4">0</subfield>
    <subfield code="7">0</subfield>
    <subfield code="a">SBCL</subfield>
    <subfield code="b">SBCL</subfield>
    <subfield code="c">11</subfield>
    <subfield code="d">2021-11-22</subfield>
    <subfield code="g">25.00</subfield>
    <subfield code="h">VOLUME 25 NUMBER 02 JUNE 1987</subfield>
    <subfield code="i">VOLUME 25 NUMBER 02 JUNE 1987</subfield>
    <subfield code="l">0</subfield>
    <subfield code="o">330.05 PEN-J25</subfield>
    <subfield code="p">00114564</subfield>
    <subfield code="r">2023-01-11 00:00:00</subfield>
    <subfield code="w">2021-11-22</subfield>
    <subfield code="y">BV</subfield>
    <subfield code="z">VOLUME 25 NUMBER 02 JUNE 1987</subfield>
  </datafield>
  <datafield tag="952" ind1=" " ind2=" ">
    <subfield code="0">0</subfield>
    <subfield code="1">0</subfield>
    <subfield code="2">ddc</subfield>
    <subfield code="4">0</subfield>
    <subfield code="7">0</subfield>
    <subfield code="a">SBCL</subfield>
    <subfield code="b">SBCL</subfield>
    <subfield code="c">11</subfield>
    <subfield code="d">2021-11-22</subfield>
    <subfield code="g">25.00</subfield>
    <subfield code="h">VOLUME 25 NUMBER 03 SEPTEMBER 1987</subfield>
    <subfield code="i">VOLUME 25 NUMBER 03 SEPTEMBER 19</subfield>
    <subfield code="l">0</subfield>
    <subfield code="o">330.05 PEN-J25</subfield>
    <subfield code="p">00114601</subfield>
    <subfield code="r">2023-01-11 00:00:00</subfield>
    <subfield code="w">2021-11-22</subfield>
    <subfield code="y">BV</subfield>
    <subfield code="z">VOLUME 25 NUMBER 03 SEPTEMBER 1987</subfield>
  </datafield>
  <datafield tag="952" ind1=" " ind2=" ">
    <subfield code="0">0</subfield>
    <subfield code="1">0</subfield>
    <subfield code="2">ddc</subfield>
    <subfield code="4">0</subfield>
    <subfield code="7">0</subfield>
    <subfield code="a">SBCL</subfield>
    <subfield code="b">SBCL</subfield>
    <subfield code="c">11</subfield>
    <subfield code="d">2021-11-22</subfield>
    <subfield code="g">25.00</subfield>
    <subfield code="h">VOLUME 28 NUMBER 02 JUNE 1990</subfield>
    <subfield code="i">VOLUME 28 NUMBER 02 JUNE 1990</subfield>
    <subfield code="l">0</subfield>
    <subfield code="o">330.05 PEN-J28</subfield>
    <subfield code="p">00114026</subfield>
    <subfield code="r">2023-01-11 00:00:00</subfield>
    <subfield code="w">2021-11-22</subfield>
    <subfield code="y">BV</subfield>
    <subfield code="z">VOLUME 28 NUMBER 02 JUNE 1990</subfield>
  </datafield>
  <datafield tag="952" ind1=" " ind2=" ">
    <subfield code="0">0</subfield>
    <subfield code="1">0</subfield>
    <subfield code="2">ddc</subfield>
    <subfield code="4">0</subfield>
    <subfield code="7">0</subfield>
    <subfield code="a">SBCL</subfield>
    <subfield code="b">SBCL</subfield>
    <subfield code="c">11</subfield>
    <subfield code="d">2021-11-22</subfield>
    <subfield code="g">25.00</subfield>
    <subfield code="h">VOLUME 27 NUMBER 02 JUNE 1989</subfield>
    <subfield code="i">VOLUME 27 NUMBER 02 JUNE 1989</subfield>
    <subfield code="l">0</subfield>
    <subfield code="o">330.05 PEN-J27</subfield>
    <subfield code="p">00114510</subfield>
    <subfield code="r">2023-01-11 00:00:00</subfield>
    <subfield code="w">2021-11-22</subfield>
    <subfield code="y">BV</subfield>
    <subfield code="z">VOLUME 27 NUMBER 02 JUNE 1989</subfield>
  </datafield>
  <datafield tag="999" ind1=" " ind2=" ">
    <subfield code="c">131603</subfield>
    <subfield code="d">131603</subfield>
  </datafield>
</record>
